000 00459pam a2200157a 44500
008 230515b2003 xxu||||| |||| 00| 0 eng d
020 _a81-85771-78-2
041 _aENGL
082 _a614 GUP.
100 _a"GUPTA NIRA.,"
245 _aHEALTH CARE & MENTAL HYGIENE OF A CHILD
250 _a0
260 _aJAIPUR
_bABD PUBLISHERS
_c2003
300 _aVI+ 166
650 _a"PUBLIC HEALTH & RELATED TOPICS,HEALTH CARE,CHILD HEALTH,APPRAISING MENTAL HEALTH"
999 _c535922
_d535922